000 00938nam a2200277 a 4500
003 BLK
005 20250623151720.0
008 191023b bu ||||| |||| 00| 0 bu d
020 _a9786190302186
040 _aBLK
041 _aBUL
_cBUL
080 _aАмериканска литература (на САЩ)
_b821.111(73)
_z821.111(73)-31
100 _9324309
_aДжеймс, Е. Л.
_eпърви автор
139 _aДжеймс, Е. Л.
_bД 50
245 _aГоспожата
_c Е. Л. Джеймс; прев. от англ. Цветана Генчева
260 _9209457
_aСофия
_bБард
_c2023
300 _a448 с.
_c22 см
380 _aX
700 _9364265
_aГенчева, Цветана Тодорова
852 _aЦб 320792
_bЦб
942 _cKNG
_n0
_s1
_061
944 _cНора Радева
_k30531
_lЦветелина Шанова
999 _c495620
_d495620
999 _d495620
999 _d346135
999 _d346135